Biurokratyzm i władza /

Hlavní autor: Kurowicki, Jan, 1943-2017
Jazyk: Polština
Vydáno: Warszawa : Książka i Wiedza, 1983
Vydání: 1. wyd.
Fyzický popis: 150 s.
Knihy
Uloženo v:
LEADER 00645nam a22002292a 4500
001 000893834
003 CZ BrMZK
005 20080420170053.0
007 ta
008 080420s1983 pl er|||||||||||pol d
040 |a BOA001  |b cze 
080 9 |a 141.827 
080 9 |a 35.07 
100 1 |a Kurowicki, Jan,  |d 1943-2017  |7 mzk2009534897  |4 aut 
245 1 0 |a Biurokratyzm i władza /  |c Jan Kurowicki 
250 |a 1. wyd. 
260 |a Warszawa :  |b Książka i Wiedza,  |c 1983 
300 |a 150 s. 
910 |a BOA001  |b 1-0862.446 
990 |a BK 
991 |b 200804 
996 7 |b 2619583529  |c 1-0862.446  |l MZK  |r Sklad / do 1 hodiny  |n 0  |w 000893834  |u 000010  |a 1  |e BOA001  |j MZK50  |s A